Quiz di cultura generale #85 - Statistics

Statistiche generali
  • Questo quiz è stato fatto 347 volte
  • Il punteggio medio è 12 su 20
Statistiche sulle risposte
DOMANDA RISPOSTA % Corretto
Il poeta dell'Infinito Leopardi
91%
Famosi guerrieri giapponesi Samurai
88%
Minerale che inizia per Q Quarzo
86%
Il capoluogo delle Marche Ancona
80%
83 moltiplicato per 20 1660
78%
85 in numeri romani LXXXV
78%
Famosa stele che ci ha permesso di decifrare i geroglifici egizi Rosetta
78%
L'anemia è una malattia causata da una carenza di... Ferro
77%
L'elemento chimico alla base della chimica organica Carbonio
67%
A Roma si può trovare Traiana o Aureliana Colonna
67%
Cantone svizzero in cui la lingua ufficiale è l'italiano Ticino/Grigioni
63%
Si trova tra la Thailandia e il Vietnam Laos
62%
La capitale del Cile Santiago
62%
Attuale presidente del Senato (2025) La Russa
61%
L'anno della famosa eruzione vesuviana che distrusse Pompei 79
52%
Il titolo di chi comandava l'Impero Ottomano Sultano
46%
Il Parlamento tedesco incendiato nel 1933 Reichstag
28%
Il presidente americano che dovette affrontare la Rivoluzione Iraniana Carter
14%
Città italiana per le sue acciaierie, tra le più antiche d'Europa Terni
14%
La città "santa" dell'Induismo Varanasi
9%
Nessun quiz corrispondente trovato
Distribuzione punteggi
Percentuale di utenti per punteggio
Percentile per numero di risposta
I tuoi punteggi nel tempo
Non hai fatto questo quiz